000 00393nam a2200157Ia 4500
005 20250423095501.0
008 250422s9999 xx 000 0 und d
020 _a97833771266
050 _aKP 81 .O5/
245 0 _aGender Specific Rights Litigation and Protection Strategies
260 _aLagos
260 _bShelter Rights Initiative
260 _c1998
300 _a77 p
942 _cBK
999 _c30413
_d30413